Helicopters! / (Record no. 2077)

MARC details
000 -LEADER
fixed length control field 00929nam a22002657a 4500
001 - CONTROL NUMBER
control field 2077
003 - CONTROL NUMBER IDENTIFIER
control field FISKH
005 - DATE AND TIME OF LATEST TRANSACTION
control field 20231106092932.0
008 - FIXED-LENGTH DATA ELEMENTS--GENERAL INFORMATION
fixed length control field 231103b cb ||||| |||| 00| 0 eng d
020 ## - INTERNATIONAL STANDARD BOOK NUMBER
International Standard Book Number 9781617415609
040 ## - CATALOGING SOURCE
Original cataloging agency FISKH
Language of cataloging eng
Transcribing agency FISKH
Modifying agency FISKH
050 ## - LIBRARY OF CONGRESS CALL NUMBER
Classification number 813
082 ## - DEWEY DECIMAL CLASSIFICATION NUMBER
Classification number TL716.R34
100 ## - MAIN ENTRY--PERSONAL NAME
Personal name Reasoner, Charles
245 ## - TITLE STATEMENT
Title Helicopters! /
Statement of responsibility, etc. By Charles Reasoner
260 ## - PUBLICATION, DISTRIBUTION, ETC.
Place of publication, distribution, etc. Guangdong :
Name of publisher, distributor, etc. Rourke,
Date of publication, distribution, etc. 2011.
300 ## - PHYSICAL DESCRIPTION
Extent 10 unnumbered pages :
Other physical details color illustrations ;
Dimensions 20 cm
490 ## - SERIES STATEMENT
Series statement Big busy machines
505 ## - FORMATTED CONTENTS NOTE
Formatted contents note G<br/>
520 ## - SUMMARY, ETC.
Summary, etc. The Helicopters! board book provides the perfect way to introduce reading in your home. This book engages early learners by using short, simple language and cute illustrations to bring helicopters to life for little ones.
521 8# - TARGET AUDIENCE NOTE
Target audience note 400<br/>
Source Lexile<br/>
521 8# - TARGET AUDIENCE NOTE
Target audience note G<br/>
Source Raz-Plus<br/>
650 ## - SUBJECT ADDED ENTRY--TOPICAL TERM
Topical term or geographic name entry element Helicopters
Form subdivision Juvenile literature
942 ## - ADDED ENTRY ELEMENTS (KOHA)
Source of classification or shelving scheme Dewey Decimal Classification
Koha item type Books
Suppress in OPAC No
Holdings
Withdrawn status Lost status Source of classification or shelving scheme Damaged status Not for loan Collection Home library Current library Shelving location Date acquired Total Checkouts Full call number Barcode Date last seen Date last checked out Price effective from Koha item type
    Dewey Decimal Classification     Juvenile Fiction Footprints International School Library Network Toul Kork Campus Footprints International School Library Network Toul Kork Campus TK Primary Library Room(4th Floor), Bookcase 1&2, Shelves 1-16, Dark Blue Books 11/03/2023 5 REA 813 TL716.R34 FISTK02850 03/18/2026 03/11/2026 11/03/2023 Books